Campaigns without frontiers the Europeanisation of the 2019 elections to the European Parliament based on the appearance of foreign politicians in national campaigns : [abstract] /

Elmentve itt :
Bibliográfiai részletek
Szerzők: Stumpf Péter Bence
Szabó Palócz Orsolya
Merkovity Norbert
Testületi szerző: A Magyar Politikatudományi Társaság XXVIII. Vándorgyűlése
Dokumentumtípus: Könyv része
Megjelent: Szegedi Tudományegyetem Állam- és Jogtudományi Kar Politológiai Tanszék Szeged 2023
Sorozat:A Magyar Politikatudományi Társaság Vándorgyűlése 28
Kulcsszavak:Európa Parlament - választások - 2019 - előadáskivonat
Tárgyszavak:
Online Access:http://acta.bibl.u-szeged.hu/83780
LEADER 01204naa a2200241 i 4500
001 acta83780
005 20240216093135.0
008 240216s2023 hu o 100 eng d
020 |a 978-963-306-941-7 
040 |a SZTE Egyetemi Kiadványok Repozitórium  |b hun 
041 |a eng 
100 1 |a Stumpf Péter Bence 
245 1 0 |a Campaigns without frontiers  |h [elektronikus dokumentum] :  |b the Europeanisation of the 2019 elections to the European Parliament based on the appearance of foreign politicians in national campaigns : [abstract] /  |c  Stumpf Péter Bence 
260 |a Szegedi Tudományegyetem Állam- és Jogtudományi Kar Politológiai Tanszék  |b Szeged  |c 2023 
300 |a 153 
490 0 |a A Magyar Politikatudományi Társaság Vándorgyűlése  |v 28 
650 4 |a Társadalomtudományok 
650 4 |a Politikatudomány 
695 |a Európa Parlament - választások - 2019 - előadáskivonat 
700 0 2 |a Szabó Palócz Orsolya  |e aut 
700 0 2 |a Merkovity Norbert  |e aut 
711 |a A Magyar Politikatudományi Társaság XXVIII. Vándorgyűlése  |c Szeged  |d 2023. május 25-26. 
856 4 0 |u http://acta.bibl.u-szeged.hu/83780/1/mppt_xxviii_vandorgyules_absztrakt_kotet_2023_153.pdf  |z Dokumentum-elérés